1834 1334 1262 1262 1627 1529 1873 1850 1295 1456 1833 1512 1444 1591 1281 1826 1173 1200 1865 1582 1518 1454 1251 1715 1492 1263 1040 1620 1295 1367 1515 1690 1353 1124 1353 1709 1816 1262 1467 1614 1147 1283 1651 1672 1114 1522 1232 1318 1102 1803 1147 1327 1676 1029 1566 1102 1520 1901 1288 1117 1612 1031 1852 1430 1792 1410 1745 1902 1326 1564 1575 1604 1050 1265 1077 1742 1022 1535 1123 1828 1198 1854 1976 1364 1687 1193 1593 1356 1302 1983 1004 1069 1499 1901 1570 1537 1967 1711 1146 BCNSPRNW ULIB Ver.6.0+V

เปลี่ยนเป็นภาษาไทย

Change to English
 แสดงรายละเอียดบรรณานุกรม
  กลับหน้าหลัก

Brief Record : Get Marc (ISO 2709) : E-mail record : QR code < ปิดหน้าต่าง
LEADER : 00000nam 2200000uu 4500
001    13399112382
003     ULIB
008    110810s2550||||th 000 0 tha d
020    9789744348227
090    นว.^bท339ด 2550
100 0  ทักษิณา
245 00 ดวงใจลิขิตรัก/^cทักษิณา
250    พิมพ์ครั้งที่ 1
260    กรุงเทพฯ:^bฟิสิกส์เซ็นเตอร์,^c2550
300    277 หน้า
710 1  ฟิสิกส์เซ็นเตอร์
945    ^p180^l0^i14056
995    กัณชพร
999 ^a ใช้งานได้ทุกระบบ
รายการนี้ยังไม่มีแท็ก
คุณยังไม่ได้ล็อกอิน คุณสามารถมีกิจกรรมร่วมกับเว็บไซต์ได้ แต่ต้องล็อกอินก่อน ::
  ล็อกอิน

รายการสื่อสารสนเทศ

ลำดับที่ ประเภท เลขเรียก/บาร์โค้ด สถานที่ สถานะ
1. นวนิยาย
นวนิยาย
นว. ท339ด 2550  
  Barcode: 14056
ห้องสมุดวิทยาเขตสวรรค์ประชารักษ์
►นวนิยาย
บนชั้น
  ขอยืม

รายการใกล้เคียง
    ผู้แต่ง [ทักษิณา]

BibComment


ยังไม่เคยถูกคอมเมนท์

คอมเมนท์ทรัพยากรรายการนี้
  คอมเมนท์: ดวงใจลิขิตรัก ทัก..


 Copyright 2026. Bcnsprnw @Library